| 000 | 00609nam a22001937a 4500 | ||
|---|---|---|---|
| 999 |
_c160483 _d160483 |
||
| 005 | 20190131114931.0 | ||
| 010 | _aENG-124676 | ||
| 020 |
_c250.00 _a9788180642692 |
||
| 035 | _aEN-108208 | ||
| 037 | _bDBAD/PUB | ||
| 082 | _a320.9045 | ||
| 100 | _aRay, Siddhartha Guha | ||
| 245 |
_aWorld politics since 1945 : _cby Siddhartha Guha Ray _ba concise history / |
||
| 260 |
_aKolkata _bProgressive Publishers _c2018 |
||
| 270 |
_a37 A,College Street, _bKolkata _e700073 |
||
| 300 |
_a371p. _c22cm (pbk) |
||
| 500 | _aIt includes bibliographical references and index | ||
| 942 |
_2ddc _cEN _mRAY _h320-9045 |
||